00500nam a2200121Ia 4500008004100000020001800041245012000059260003100179650003500210856004100245999001900286952007300305171212s9999 xx 000 0 und d a9781783742431 ceditor Graf, HeikeaThe Environment in the Age of the InternetbActivists, Communication, and the Digital Landscape bOpen Book Publishersc2016 aEcology & Evolutionary Biology uhttp://jstor.org/stable/j.ctt1d41dkh c351595d351595 001040aCLbCLd2017-12-12l0r2017-12-12 00:00:00w2017-12-12yCBE